| 000 | 01233cam a2200265 4500 | ||
|---|---|---|---|
| 001 | ABS68791 | ||
| 008 | 050317n2005 000 0 eng u | ||
| 035 | _a(Sirsi) u129082 | ||
| 245 | _aInternational costs | ||
| 260 | _c2005 | ||
| 490 |
_aBuilding _v270(8371) 4 March 2005, 74-79(6) |
||
| 520 | _aReports on Gardiner and Theobald's 13th annual survey which looks at the costs involved to build various buildings around the world. Shows that construction inflation increased by 5.2% in 23 nations in Europe, the Middle East and Asia. Highlights the importance of the Chinese economy on international construction costs with its rising demand for raw materials. Includes tables such as worldwide labour rates, building costs for offices and industrial and inflation rates and forecasts. | ||
| 590 | _aABS | ||
| 650 | _aGARDINER AND THEOBALD INTERNATIONAL CONSTRUCTION COST SURVEY | ||
| 650 | _aINTERNATIONAL BUILDING COSTS | ||
| 650 | _aOFFICE SECTOR | ||
| 650 | _aINDUSTRIAL SECTOR | ||
| 650 | _aRESIDENTIAL SECTOR | ||
| 650 | _aRETAIL SECTOR | ||
| 650 | _aBUILT ENVIRONMENT-BUILDING MATERIALS | ||
| 650 | _aINFLATION | ||
| 650 | _aCONSTRUCTION COSTS | ||
| 690 | _aBUILT ENVIRONMENT-BUILDING COSTS | ||
| 942 | _n0 | ||
| 999 |
_c74936 _d74936 |
||